| 000 | 01817cam a22002054a 4500 | ||
|---|---|---|---|
| 005 | 20250605164406.0 | ||
| 008 | 250528s ||||||||||||||||||||||||d | ||
| 035 | _a24837 | ||
| 020 | _a9789353945251 | ||
| 040 |
_aGR-AtMCL _bgre _dGR-AtMCL _eAACR2 |
||
| 245 | 1 | _aDynamics of Structures / Theory and Applications to Earthquake Engineering | |
| 250 | _a5th | ||
| 260 |
_bPearson, _c2023 |
||
| 300 | _a960 | ||
| 520 | _aThe material in this book includes many topics in the theory of structure dynamics, along with applications of this theory to earthquake analysis, response, design, and evaluations of structures. Single-Degree of Freedom Systems, Equations of Motion and Problem Statement and Solution Methods, Free Vibration, Response to Harmonic and Periodic Excitations, Response to Arbitrary and Step and Pulse Excitations, Numerical Evaluation of Dynamic Response, Earthquake Response of Linear Systems, Earthquake Response of Inelastic Systems, Generalized Single-Degree-of-Freedom Systems, Multi Degree of Freedom Systems, Equations of Motion and Problem Statement and Solution Methods, Free Vibration, Damping in Structures, Dynamic Analysis and Response of Linear Systems, Earthquake Analysis of Linear Systems, Analysis of Non classically Damped Linear Systems, Reduction of Degrees of Freedom, Numerical Evaluation of Dynamic Response, Systems with Distributed Mass and Elasticity, Introduction to the Finite Element Method, Earthquake Response and Design and Evaluation of Multistory Building, Earthquake Response of Linearly Elastic Buildings, Earthquake Dynamics of Based-Isolated Buildings, Structural Dynamics in Building Codes, Structural Dynamics in Building Evaluation Guidelines, Appendices, Index. | ||
| 700 | 1 |
_aChopra Anil _98117 |
|
| 942 | _cBK | ||
| 999 |
_c9676 _d9676 |
||